[Event "DSOL 04 Liga Gr-B 1st"]
[Site "Playchess.com INT"]
[Date "2020.07.23"]
[Round "5.2"]
[White "Klos, Stephan"]
[Black "Tunka, Josef"]
[Result "0-1"]
[WhiteElo "1741"]
[BlackElo "1760"]
[PlyCount "68"]
[EventDate "2020.06.22"]
[EventType "team-tourn (rapid)"]
[EventCountry "GER"]
[SourceTitle "EXT 2021"]
[Source "ChessBase"]
[SourceDate "2020.10.23"]
[SourceVersion "1"]
[SourceVersionDate "2020.10.23"]
[SourceQuality "1"]
[WhiteTeam "Rheinbacher SF"]
[BlackTeam "Lingen"]
[WhiteTeamCountry "GER"]
[BlackTeamCountry "GER"]

1. b4 e5 2. Bb2 d6 3. Nf3 f5 4. e3 Nf6 5. c4 Be7 6. Be2 0-0 7. Nc3 e4 8. Nd4 c5 9. bxc5 dxc5 10. Nb3 b6 11. Qc2 Bb7 12. 0-0 Nc6 13. a3 Ne5 14. Rad1 Nd3 15. Ba1 Qd7 16. f3 Rad8 17. fxe4 fxe4 18. a4 Qe6 19. Nb5 a6 20. Na3 Bc6 21. Nc1 Qd7 22. Qc3 Bxa4 23. Nxd3 exd3 24. Bf3 Bxd1 25. Bd5+ Kh8 26. Rxd1 Qg4 27. Bf3 Qg6 28. Qe5 Bd6 29. Qe6 Rfe8 30. Qh3 Be5 31. e4 Bxa1 32. Rxa1 Nxe4 33. Bh5 Qf6 34. Rf1 Qd4+ 0-1

[Event "Solingen Karneval op"]
[Site "Solingen"]
[Date "2014.03.01"]
[Round "2"]
[White "Tunka, Josef"]
[Black "Heinert, Eugen"]
[Result "0-1"]
[WhiteElo "1852"]
[BlackElo "2169"]
[PlyCount "86"]
[EventDate "2014.02.28"]
[EventType "swiss"]
[EventRounds "5"]
[EventCountry "GER"]
[SourceTitle "EXT 2016"]
[Source "ChessBase"]
[SourceDate "2015.10.08"]
[SourceVersion "1"]
[SourceVersionDate "2015.10.08"]
[SourceQuality "1"]

1. c4 e6 2. g3 Nf6 3. Bg2 d5 4. b3 Be7 5. Bb2 0-0 6. Nf3 c5 7. 0-0 Nc6 8. Na3 d4 9. d3 e5 10. Nc2 Bf5 11. Nh4 Bd7 12. e4 Ne8 13. Nf5 Bf6 14. g4 g6 15. Ng3 Ng7 16. h3 Ne6 17. Bc1 Bg5 18. Ne2 Nf4 19. a3 a5 20. Rb1 Qc7 21. Nxf4 Bxf4 22. Bd2 Ra6 23. Rb2 Rfa8 24. Qe2 Nd8 25. a4 Ne6 26. Rfb1 Kg7 27. Ne1 Rh8 28. Nf3 f6 29. Kf1 h5 30. Ng1 hxg4 31. hxg4 Bxd2 32. Rxd2 Nf4 33. Qf3 Qc8 34. Qg3 Bxg4 35. f3 Be6 36. Kf2 Rh5 37. Ke1 Qh8 38. Kd1 Rg5 39. Qf2 Rxg2 40. Qxg2 Nxg2 41. Rxg2 Qh5 42. Kc2 Ra8 43. Re1 Rh8 0-1

[Event "Oberfranken-ch Seniors 27th"]
[Site "Bischofsgruen"]
[Date "2010.05.05"]
[Round "2"]
[White "Tunka, Josef"]
[Black "Schwenke, Norbert"]
[Result "1-0"]
[WhiteElo "1879"]
[BlackElo "1702"]
[PlyCount "35"]
[EventDate "2010.05.05"]
[EventType "swiss"]
[EventRounds "9"]
[EventCountry "GER"]
[SourceTitle "EXT 2022"]
[Source "ChessBase"]
[SourceDate "2021.10.06"]
[SourceVersion "1"]
[SourceVersionDate "2021.10.06"]
[SourceQuality "1"]

1. c4 Nf6 2. Nc3 g6 3. g3 Bg7 4. Bg2 d6 5. e4 Nbd7 6. Nge2 Ne5 7. d3 c6 8. h3 Be6 9. b3 0-0 10. d4 Ned7 11. d5 cxd5 12. cxd5 Bxh3 13. Bxh3 Ne5 14. Be3 Qa5 15. 0-0 Nf3+ 16. Kg2 Ng5 17. Bxg5 Rac8 18. Bxc8 1-0

[Event "Oberfranken-ch Seniors"]
[Site "Bischofsgruen"]
[Date "2009.06.11"]
[Round "7"]
[White "Huhn, Ulrich"]
[Black "Tunka, Josef"]
[Result "1-0"]
[WhiteElo "2016"]
[BlackElo "1860"]
[PlyCount "135"]
[EventDate "2009.06.05"]
[EventType "swiss"]
[EventRounds "9"]
[EventCountry "GER"]
[SourceTitle "EXT 2012"]
[Source "ChessBase"]
[SourceDate "2011.11.24"]
[SourceVersion "1"]
[SourceVersionDate "2011.11.24"]
[SourceQuality "1"]

1. d4 Nf6 2. Nc3 d5 3. Bg5 Nbd7 4. f3 h6 5. Bh4 c6 6. e4 e6 7. Qd2 Qa5 8. Bd3 Bb4 9. a3 c5 10. e5 Ng8 11. Bb5 Bxc3 12. Bxd7+ Bxd7 13. Qxc3 Qxc3+ 14. bxc3 c4 15. Rb1 b6 16. Ne2 g5 17. Bf2 Ne7 18. h4 0-0-0 19. Be3 Nf5 20. Bf2 Ng7 21. Kd2 Rdf8 22. Rh3 f5 23. exf6 Ne8 24. f7 Nd6 25. hxg5 hxg5 26. Rxh8 Rxh8 27. f8Q+ Rxf8 28. Rh1 g4 29. Bg3 Nf5 30. Be5 gxf3 31. gxf3 Rf7 32. Rh8+ Kb7 33. Nf4 Ne7 34. Ke3 Nc6 35. Ng6 Ne7 36. Nf8 Bc8 37. Nh7 Ng6 38. Rg8 Nxe5 39. Ng5 Rf5 40. dxe5 Rxe5+ 41. Kd2 Bd7 42. f4 Rf5 43. Rg7 Kc8 44. Rg8+ Kc7 45. Rg7 e5 46. fxe5 Rxe5 47. Nf3 Rf5 48. Nd4 Rf6 49. Kc1 Kd6 50. Kb2 a5 51. Rg8 Kc7 52. Rg7 Kd6 53. Rg1 Ba4 54. Rg8 Bd7 55. Ra8 Kc7 56. Ra7+ Kc8 57. Kc1 Rd6 58. Ra8+ Kb7 59. Rh8 Ka6 60. Kd2 Rf6 61. Ke3 Kb7 62. Rh7 Kc8 63. Rh5 Rd6 64. Kf4 Kc7 65. Rh7 Rg6 66. Ke5 Rg3 67. Kxd5 Rxc3 68. Nb5+ 1-0